| 000 | 01172cam a2200361 a 4500 | ||
|---|---|---|---|
| 999 |
_c78 _d78 |
||
| 001 | 4012664 | ||
| 003 | Nust | ||
| 005 | 20170105095818.0 | ||
| 008 | 960516s1996 ii b 001 0 eng | ||
| 010 | _a 96900580 | ||
| 020 | _a8186219234 | ||
| 025 | _aI-E-96900580 | ||
| 040 |
_aDLC _cDLC |
||
| 042 | _alcode | ||
| 043 | _aa-ii--- | ||
| 050 | 0 | 0 |
_aZ3208.C66 _bK37 1996 _aDS422.C64 |
| 082 | 0 | 0 |
_a016.302/14 _221 |
| 100 | 1 | _aKapoor, Harsh. | |
| 245 | 1 | 0 |
_aResources against communalism and religious fundamentalism in India / _cHarsh Kapoor. |
| 260 |
_aNew Delhi : _bSAHMAT, _c1996. |
||
| 300 |
_a152 p. ; _c23 cm. |
||
| 500 | _aIncludes index. | ||
| 520 | _aA bibliography of some of the available material on communalism and religious fundamentalism in India. | ||
| 650 | 0 |
_aCommunalism _zIndia _xBibliography. |
|
| 650 | 0 |
_aHindus _zIndia _xBibliography. |
|
| 650 | 0 |
_aMuslims _zIndia _xBibliography. |
|
| 651 | 0 |
_aIndia _xEthnic relations _xBibliography. |
|
| 653 | _a69-91 | ||
| 710 | 2 | _aSafdar Hashmi Memorial Trust. | |
| 906 |
_a7 _bcbc _corigode _d3 _encip _f19 _gy-gencatlg |
||
| 942 |
_2ddc _cBK |
||